Loading...

Indigeneity : culture and representation : proceedings of the 2008 Chotro Conference on Indigenous Languages, Culture, and Society /

Bibliographic Details
Other Authors: Devy, G. N., Davis, Geoffrey V., Chakravarty, Kalyan Kumar
Format: Printed Book
Language:English
Published: New Delhi : Orient Blackswan, 2012.
Subjects:
LEADER 01311cam a22002534a 4500
005 20131227140745.0
008 090319m20099999ii a b 100 0 eng
020 |a 9788125036647 
082 |a 338.47 DEV 
245 1 0 |a Indigeneity :  |b culture and representation : proceedings of the 2008 Chotro Conference on Indigenous Languages, Culture, and Society /  |c edited by G.N. Devy, Geoffrey V. Davis, K.K. Chakravarty. 
260 |a New Delhi :  |b Orient Blackswan,  |c 2012. 
300 |a 2 v.  |b ill. ;  |c 24 cm. 
505 1 |a v. 1. Indigeneity : culture and representation -- v. 2. Voice and memory : indigenous imagination and expression 
650 0 |a Indigenous peoples  |v Congresses. 
650 0 |a Sociolinguistics  |v Congresses. 
650 0 |a Literature and society  |v Congresses. 
650 0 |a Popular culture  |v Congresses. 
700 1 |a Devy, G. N., 
700 1 |a Davis, Geoffrey V., 
700 1 |a Chakravarty, Kalyan Kumar, 
942 |2 ddc  |c BK 
999 |c 4829  |d 4829 
952 |0 0  |1 0  |2 ddc  |4 0  |6 338_470000000000000_DEV  |7 0  |9 6804  |a MAIN  |b MAIN  |d 2013-12-27  |e Poorna Publications  |g 845.00  |h Vol. 1  |l 4  |o 338.47 DEV  |p 7005  |r 2018-10-01  |s 2018-09-29  |t 1  |w 2013-12-27  |y BK 
952 |0 0  |1 0  |2 ddc  |4 0  |6 338_470000000000000_DEV  |7 0  |9 7537  |a MAIN  |b MAIN  |d 2014-01-27  |e Mathrubhumi Books  |g 845.00  |l 1  |o 338.47 DEV  |p 7959  |r 2017-05-11  |s 2014-03-07  |t 1  |w 2014-01-27  |y BK